Statistics for Five Closest World Capitals by Capital #2

Click here to take the quiz!

General Stats

  • This quiz has been taken 210 times
    (192 since last reset)
  • The average score is 29 of 40

Answer Stats

kmCapitalmi% Correct
3Vatican City2
97%
1715Beijing1066
93%
227San Marino141
91%
1319Quito820
88%
1161Manila721
87%
1871Bogota1162
86%
2455Santiago1526
85%
7Brazzaville4
84%
492Doha305
84%
1480Seoul919
84%
1059Guatemala658
83%
1026La Paz671
82%
1121Belmopan697
80%
1235San Salvador767
80%
776Abu Dhabi482
79%
1402Tegucigalpa871
79%
1596Managua992
77%
1665Hanoi1035
76%
427Manama265
76%
1599Pyongyang993
75%
462Monaco287
74%
987Baghdad614
73%
489Ljubljana304
73%
541Kuwait City336
72%
518Zagreb322
72%
549Luanda341
69%
98Kingston61
68%
1479Sucre919
68%
2378Dili1477
64%
834Libreville518
62%
232St George's144
60%
149Roseau93
59%
1026Bangui638
57%
1402Honiara871
57%
356St John's221
57%
179Bridgetown111
54%
2336Ngerulmud1451
51%
2182Palikir1356
48%
999Yaoundé621
48%
2398Yaren1490
43%

Score Distribution

Percentile by Number Answered

Percent of People with Each Score

Your Score History

You have not taken this quiz since the last reset